Developmental psychology / (Record no. 31518)

MARC details
000 -LEADER
fixed length control field 00888cam a2200253 a 4500
005 - DATE AND TIME OF LATEST TRANSACTION
control field 20091107113722.0
008 - FIXED-LENGTH DATA ELEMENTS--GENERAL INFORMATION
fixed length control field 000504s2000 nik 000 0 eng d
010 ## - LCCN (DPL NO)
LC control number ENG-95373
020 ## - INTERNATIONAL STANDARD BOOK NUMBER
International Standard Book Number 9788131306222
Terms of availability 695.00
035 ## - SYSTEM CONTROL NUMBER
System control number EN-78906
037 ## - SOURCE OF ACQUISITION
Source of stock number/acquisition DBAD/PUB
040 ## - CATALOGING SOURCE
Original cataloging agency DPL
082 ## - DEWEY DECIMAL CLASSIFICATION NUMBER
Classification number 155
100 ## - MAIN ENTRY--PERSONAL NAME
Personal name Mishra, R. C.
245 ## - TITLE STATEMENT
Title Developmental psychology /
Statement of responsibility, etc by R.C.Mishra
260 ## - PUBLICATION, DISTRIBUTION, ETC. (IMPRINT)
Place of publication, distribution, etc New Delhi
Name of publisher, distributor, etc A.P.H. Publishing Corporation
Date of publication, distribution, etc 2009
270 ## - ADDRESS
Address 4435-36/7, Ansari Road ,
City New Delhi
Postal code 110002
300 ## - PHYSICAL DESCRIPTION
Extent viii, 275p.
Dimensions 22 cm.(Hb)
500 ## - GENERAL NOTE
General note Includes bibliographical references and index
942 ## - ADDED ENTRY ELEMENTS (KOHA)
Source of classification or shelving scheme Dewey Decimal Classification
Item type English Books
Call number suffix MIS
Classification part 155
Holdings
Withdrawn status Lost status Source of classification or shelving scheme Damaged status Not for loan Collection code Home library Current library Date acquired Source of acquisition Cost, normal purchase price Total Checkouts Full call number Barcode Date last seen Copy number Cost, replacement price Koha item type
    Dewey Decimal Classification   Not For Loan Non-fiction D.B.Act.Division D.B.Act.Division 07/11/2009 DBAD / PUB 695.00   155 MIS EN-78906 07/11/2009 1 695.00 English Books

© Delhi Public Library
Hit Counter
free hit counter